| 000 | 00845nam a2200313 a 4500 | ||
|---|---|---|---|
| 003 | AR-BaBNM | ||
| 005 | 20251128203746.0 | ||
| 008 | 082120s2002 ||||||||||||||000 | spa|| | ||
| 040 | _cAR-BaBNM | ||
| 100 | 1 | _aTerry, Charles S. | |
| 245 | 0 | 0 |
_aG.S. Bach _bla vita |
| 260 |
_aMilán _bFratelli Bocca _c1938 |
||
| 300 |
_axxiv, 360 p. _bláms. |
||
| 490 | 0 | _aLetteratura musicale | |
| 500 | _aContiene índice de obras de Johann Sebastian Bach en p.351 | ||
| 650 | 4 | _aBIOGRAFIAS | |
| 650 | 4 | _aMUSICOS | |
| 650 | 4 | _aHISTORIA DE LA MUSICA | |
| 650 | 4 | _aMUSICA CLASICA | |
| 650 | 4 | _aFORMAS MUSICALES | |
| 650 | 4 | _aMUSICA RELIGIOSA | |
| 650 | 4 | _aHISTORIA EUROPEA | |
| 653 | _aBARROCO | ||
| 655 | _aBIOGRAFIAS | ||
| 700 | 1 |
_aSchweitzer, Paolo _etraductor |
|
| 700 | 1 |
_aStraube, Karl _eprologuista |
|
| 942 | _cBK | ||
| 998 | _cMARTIN | ||
| 999 |
_c4819 _d4819 |
||